Statistics for Guess the Taylor Swift Lyrics with no hints! 2.0

Click here to take the quiz!

General Stats

  • This quiz has been taken 298 times
    (290 since last reset)
  • The average score is 200 of 310

Answer Stats

% Correct
I
100%
a
98%
the
97%
you
97%
In
94%
in
94%
an
93%
me
92%
"Your
91%
your
91%
it
90%
love
90%
love,
90%
And
89%
and
89%
where
89%
on
88%
we
88%
We
88%
be
87%
he
87%
my
86%
My
86%
so
86%
No,
85%
To
85%
is
83%
I'm
82%
were
82%
that
81%
Like
77%
it's
73%
but
72%
was
71%
her
70%
with
70%
not
69%
Did
68%
see
68%
at
67%
if
67%
Some
67%
all
66%
just
66%
by
65%
'Cause
64%
up
63%
didn't,
61%
didn't
61%
oh
61%
out,
59%
Paris
54%
Paris,
54%
yours
53%
has
52%
down
51%
though
51%
wanna
50%
else
49%
somewhere
49%
make
47%
stop
47%
that's
47%
kissed
46%
might
46%
news
45%
breathing
44%
Met
44%
mind
44%
only
44%
sister
44%
someone
44%
champagne
43%
club
43%
guy
43%
Into
43%
keep
43%
ages
42%
ago
42%
bedroom
42%
ceiling
42%
forever
42%
hooked
42%
made
42%
thanks,
42%
Turns
42%
drew
41%
Drew
41%
ex-friend's
41%
loving
41%
map
41%
photos?"
41%
2003
40%
door
40%
mean,
40%
outfits
40%
sign
40%
view
40%
world
40%
kind
39%
Romance
39%
taken
39%
terrible
39%
unbearable
39%
whole
39%
Yes,
39%
believe
38%
dead
38%
lights
38%
midnight
38%
side
38%
wannabe
38%
wine,
38%
Z-lister
38%
Let
37%
tree
37%
alleyway,
36%
drinking
36%
under
36%
brainwash
35%
Cheap
34%
clever
34%
grown
34%
Privacy
34%
thrown
34%
transport
34%
culture's
33%
pretend
33%
shade
33%
tower
33%
messes
32%
page
31%
Sit
31%
truth
31%
flashing
30%
letters
30%
Confess
29%
cursive
29%
alleyways
27%
Stumbled
26%
above
25%
Levitate
25%
quiet
25%
swooping,
25%
sloping,
24%

Score Distribution

Percentile by Number Answered

Percent of People with Each Score

Your Score History

You have not taken this quiz since the last reset